La Compañía Azucarera Oriental Cubana S.A. / (Record no. 10086)

MARC details
000 -LEADER
campo de control de longitud fija 00897cam a2200277Ia 4500
001 - NÚMERO DE CONTROL
campo de control 51500
005 - FECHA Y HORA DE LA ÚLTIMA TRANSACCIÓN
campo de control 20230404130045.0
008 - DATOS DE LONGITUD FIJA--INFORMACIÓN GENERAL
campo de control de longitud fija 070724s2006 cu a b 000 0 spa d
035 ## - NÚMERO DE CONTROL DEL SISTEMA
Número de control de sistema (OCoLC)ocn156936766
040 ## - FUENTE DE CATALOGACIÓN
Centro catalogador/agencia de origen TJC
Centro/agencia transcriptor TJC
Centro/agencia modificador OCLCA
020 ## - NÚMERO INTERNACIONAL ESTÁNDAR DEL LIBRO
Número Internacional Estándar del Libro 959275022X
020 ## - NÚMERO INTERNACIONAL ESTÁNDAR DEL LIBRO
Número Internacional Estándar del Libro 9789592750227
035 ## - NÚMERO DE CONTROL DEL SISTEMA
Número de control de sistema (OCoLC)156936766
043 ## - CÓDIGO DE ÁREA GEOGRÁFICA
Código de área geográfica nwcu---
050 14 - SIGNATURA TOPOGRÁFICA DE LA BIBLIOTECA DEL CONGRESO
Número de clasificación 107 HD 9114
Número de ítem T621c 2006
100 1# - ENTRADA PRINCIPAL--NOMBRE DE PERSONA
Nombre de persona Tito Moreira, Yordanka,
Fechas asociadas al nombre 1976-
245 13 - MENCIÓN DEL TÍTULO
Título La Compañía Azucarera Oriental Cubana S.A. /
Mención de responsabilidad, etc. Yordanka Tito Moreira.
260 ## - PUBLICACIÓN, DISTRIBUCIÓN, ETC.
Lugar de publicación, distribución, etc. Guantánamo [Cuba] :
Nombre del editor, distribuidor, etc. Editorial El Mar y la Montaña,
Fecha de publicación, distribución, etc. 2006.
300 ## - DESCRIPCIÓN FÍSICA
Extensión 62 p. :
Otras características físicas ill. ;
Dimensiones 20 cm.
504 ## - NOTA DE BIBLIOGRAFÍA, ETC.
Nota de bibliografía, etc. Includes bibliographical references (p. 61-62).
610 20 - PUNTO DE ACCESO ADICIONAL DE MATERIA--NOMBRE DE ENTIDAD CORPORATIVA
Nombre de entidad corporativa o nombre de jurisdicción como elemento de entrada Compañía Azucarera Oriental Cubana
Subdivisión general History.
650 #0 - PUNTO DE ACCESO ADICIONAL DE MATERIA--TÉRMINO DE MATERIA
Término de materia o nombre geográfico como elemento de entrada Sugar trade
Subdivisión geográfica Cuba
-- Guantánamo (Province)
Subdivisión general History.
942 ## - ELEMENTOS DE ENTRADA SECUNDARIOS (KOHA)
Fuente del sistema de clasificación o colocación Clasificación de Library of Congress
Tipo de ítem Koha
946 ## - PROCESAMIENTO DE INFORMACIÓN LOCAL (OCLC)
a clperez
994 ## -
-- C0
-- DRFGD
Holdings
Estatus retirado Estado de pérdida Fuente del sistema de clasificación o colocación Estado de daño No para préstamo Colección Biblioteca de origen Biblioteca actual Ubicación en estantería Fecha de adquisición Serial enumeration / chronology Total checkouts Signatura topográfica completa Código de barras Visto por última vez Copia número Precio de reemplazo Tipo de ítem Koha
    Clasificación de Library of Congress     Recursos Regionales Biblioteca Juan Bosch Biblioteca Juan Bosch Recursos Regionales (2do. Piso) 04/04/2023 1   107 HD 9114 T621c 2006 00000052773 23/10/2018 1 23/10/2018